<?xml version="1.0" encoding="UTF-8"?>
<record
    xmlns:xsi="http://www.w3.org/2001/XMLSchema-instance"
    xsi:schemaLocation="http://www.loc.gov/MARC21/slim http://www.loc.gov/standards/marcxml/schema/MARC21slim.xsd"
    xmlns="http://www.loc.gov/MARC21/slim">

  <leader>00770nam a2200205 i 4500</leader>
  <controlfield tag="001">187521</controlfield>
  <controlfield tag="003">ES-MaACL</controlfield>
  <controlfield tag="005">20230906222941.0</controlfield>
  <controlfield tag="008">171024s1907    fr           |||| | fre d</controlfield>
  <datafield tag="245" ind1="0" ind2="2">
    <subfield code="a">L'enseignement de l'histoire / </subfield>
    <subfield code="c">par Ch. Seignobos, Ch.-V. Langlois, L. Gallou&#xE9;dec... [et al.].</subfield>
  </datafield>
  <datafield tag="260" ind1=" " ind2=" ">
    <subfield code="a">Paris : </subfield>
    <subfield code="b">Mus&#xE9;e P&#xE9;dagogique, </subfield>
    <subfield code="c">1907.</subfield>
  </datafield>
  <datafield tag="300" ind1=" " ind2=" ">
    <subfield code="a">185 p. ; </subfield>
    <subfield code="c">20 cm.</subfield>
  </datafield>
  <datafield tag="490" ind1="1" ind2=" ">
    <subfield code="a">Publications du Mus&#xE9;e P&#xE9;dagogique ; </subfield>
    <subfield code="v">Nouvelle s&#xE9;rie 12</subfield>
  </datafield>
  <datafield tag="650" ind1=" " ind2="4">
    <subfield code="a">Historia-</subfield>
    <subfield code="x">Ense&#xF1;anza-</subfield>
    <subfield code="z">Francia.</subfield>
    <subfield code="9">163756</subfield>
  </datafield>
  <datafield tag="700" ind1="1" ind2=" ">
    <subfield code="a">Seignobos, Charles (</subfield>
    <subfield code="d">1854-1942)</subfield>
    <subfield code="9">105259</subfield>
  </datafield>
  <datafield tag="710" ind1="2" ind2=" ">
    <subfield code="a">Mus&#xE9;e P&#xE9;dagogique (Paris)</subfield>
    <subfield code="9">163741</subfield>
  </datafield>
  <datafield tag="830" ind1="0" ind2=" ">
    <subfield code="a">Publications du Mus&#xE9;e P&#xE9;dagogique ; </subfield>
    <subfield code="v">Nouvelle s&#xE9;rie 12</subfield>
    <subfield code="9">192794</subfield>
  </datafield>
  <datafield tag="852" ind1=" " ind2=" ">
    <subfield code="a">ES-MaACL</subfield>
    <subfield code="j">F-5980(1)</subfield>
  </datafield>
  <datafield tag="999" ind1=" " ind2=" ">
    <subfield code="c">187521</subfield>
    <subfield code="d">187521</subfield>
  </datafield>
  <datafield tag="952" ind1=" " ind2=" ">
    <subfield code="0">0</subfield>
    <subfield code="1">0</subfield>
    <subfield code="4">0</subfield>
    <subfield code="7">0</subfield>
    <subfield code="a">ATENEOM</subfield>
    <subfield code="b">ATENEOM</subfield>
    <subfield code="c">DEPO2</subfield>
    <subfield code="d">2017-10-24</subfield>
    <subfield code="e">COM</subfield>
    <subfield code="l">0</subfield>
    <subfield code="o">F-5980(1)</subfield>
    <subfield code="p">1198044</subfield>
    <subfield code="r">2023-02-23 00:00:00</subfield>
    <subfield code="w">2023-02-23</subfield>
    <subfield code="y">MONOGRAFIA</subfield>
  </datafield>
</record>
